Statistics for Around the World - Budapest to Mumbai

Click here to take the quiz!

General Stats

  • This quiz has been taken 89 times
  • The average score is 8 of 14

Answer Stats

Answer% Correct
{Danube} River
99%
{Black} Sea
95%
{Suez} Canal
76%
{Bosphorus} Strait
70%
{Mediterranean} Sea
70%
{Red} Sea
69%
{Arabian} Sea
61%
Sea of {Marmara}
60%
{Aegean} Sea
58%
Gulf of {Aden}
51%
{Dardanelles}
35%
Gulf of {Suez}
28%
Sea of {Crete}
25%
Bab-el {Mandeb}
18%

Score Distribution

Percentile by Number Answered

Percent of People with Each Score

Your Score History

You have not taken this quiz